Process control systems and instrumentation (Record no. 77217)

MARC details
000 -LEADER
fixed length control field 00783nam a2200181 a 4500
008 - FIXED-LENGTH DATA ELEMENTS--GENERAL INFORMATION
fixed length control field 120924s2007 ||||||||||||||||| || u
020 ## - INTERNATIONAL STANDARD BOOK NUMBER
International Standard Book Number 9788131507728
050 ## - LIBRARY OF CONGRESS CALL NUMBER
Classification number TJ 213 Bar
100 ## - MAIN ENTRY--PERSONAL NAME
Personal name Bartelt, Terry
245 10 - TITLE STATEMENT
Title Process control systems and instrumentation
Statement of responsibility, etc. by Terry Bartelt
260 ## - PUBLICATION, DISTRIBUTION, ETC.
Place of publication, distribution, etc. New Delhi:
Name of publisher, distributor, etc. Delmar
Date of publication, distribution, etc. 2007
300 ## - PHYSICAL DESCRIPTION
Extent 297p.: ill.
500 ## - GENERAL NOTE
General note Donated by Counsellor Kang'ombe
650 #0 - SUBJECT ADDED ENTRY--TOPICAL TERM
Topical term or geographic name entry element AUTOMATIC CONTROL
650 ## - SUBJECT ADDED ENTRY--TOPICAL TERM
Topical term or geographic name entry element ENGINEERING INSTRUMENTS
995 ## -
-- MAIN LIBRARY OPEN ACCESS
-- 743343
-- CBU-MAIN LIBRARY (Kitwe)
-- TJ 213 Bar
-- 2
-- AVAILABLE
-- Oct 1, 2012
-- 743343
-- Main Library Open Access Collection
995 ## -
-- MAIN LIBRARY OPEN ACCESS
-- 743342
-- CBU-MAIN LIBRARY (Kitwe)
-- TJ 213 Bar
-- 1
-- AVAILABLE
-- Oct 1, 2012
-- 743342
-- Main Library Open Access Collection
999 ## -
-- 77217
-- 77217
Holdings
Withdrawn status Lost status Source of classification or shelving scheme Damaged status Not for loan Permanent Location Current Location Shelving location Date acquired Total Checkouts Full call number Barcode Date last seen Copy number Price effective from Koha item type
          CBU-MAIN LIBRARY, KITWE. CBU-MAIN LIBRARY, KITWE.   04/25/2023   TJ 213 Bar 743343 04/25/2023 1 04/25/2023 MONOGRAPH
          CBU-MAIN LIBRARY, KITWE. CBU-MAIN LIBRARY, KITWE.   04/25/2023   TJ 213 Bar 743342 04/25/2023 2 04/25/2023 MONOGRAPH